All together now (Record no. 121141)
[ view plain ]
| 000 -LEADER | |
|---|---|
| fixed length control field | 00653nas a22001937a 4500 |
| 001 - CONTROL NUMBER | |
| control field | K121141 |
| 007 - PHYSICAL DESCRIPTION FIXED FIELD--GENERAL INFORMATION | |
| fixed length control field | ta |
| 008 - FIXED-LENGTH DATA ELEMENTS--GENERAL INFORMATION | |
| fixed length control field | 191021b2019 ||||| |||| 00| 0 eng d |
| 041 ## - LANGUAGE CODE | |
| Language code of text/sound track or separate title | eng |
| 100 ## - MAIN ENTRY--PERSONAL NAME | |
| Personal author | Parton, Helen |
| 245 ## - TITLE STATEMENT | |
| Title | All together now |
| 260 ## - PUBLICATION INFORMATION | |
| Date | 2019 |
| 490 ## - SERIES TITLE | |
| Series statement | Modus |
| Volume | June 2019, 18-21(4) |
| 520 ## - ABSTRACT | |
| Abstract | Examines the trend for coworking space which has swept the office market in recent years and looks at what traditional developers can offer that the new breed of flexible work space operators can't. |
| 650 ## - KEYWORDS | |
| Keywords | COWORKING |
| 650 ## - KEYWORDS | |
| Keywords | FLEXIBLE WORKING SPACE |
| 651 ## - SUBJECT ADDED ENTRY--GEOGRAPHIC NAME | |
| Geographic name | United Kingdom 1973 |
| 690 ## - LOCAL SUBJECT ADDED ENTRY--TOPICAL TERM (OCLC, RLIN) | |
| 9 (RLIN) | 6227 |
| Topical term or geographic name as entry element | Commercial property |
| Withdrawn status | Lost status | Source of classification or shelving scheme | Damaged status | Not for loan | Home library | Current library | Shelving location | Date acquired | Total Checkouts | Date last seen | Price effective from | Koha item type |
|---|---|---|---|---|---|---|---|---|---|---|---|---|
| Dewey Decimal Classification | London | London | Gallery | 21/10/2019 | 21/10/2019 | 21/10/2019 | Journal article |